000 00444nam a22001817a 4500
003 MPLRDC
005 20220104144521.0
008 210129b ||||| |||| 00| 0 eng d
020 _a7-5320-6044-6
082 _a876.57 GD-4
100 _aJOHANN PETER ECKERMANN著, 周学普译
245 _a歌德对话录
_c
250 _a初版
260 _a
_b上海教育出版社
_c2000
300 _b
650 _a
942 _cBK
_o876.57 GD-4
999 _c50392
_d50382